La transacción: un contrato civil con proyecciones procesales

Uloženo v:
Podrobná bibliografie
Hlavní autor: Colombo, Carlos J (autor)
Médium: Kniha
Jazyk:španělština
Vydáno: Buenos Aires, Argentina Valerio Abeledo 1944
Témata:
Tagy: Přidat tag
Žádné tagy, Buďte první, kdo vytvoří štítek k tomuto záznamu!

MARC

LEADER 00000nam a2200000 a 4500
001 UCS1149
003 CL-VaPUC
005 20210601135420.0
008 970509e19440000AG |||||||||||||||||spa|d
999 |c 259252  |d 259250 
040 |c Pontificia Universidad Católica de Valparaíso 
082 0 4 |a 346.022 COL 1944  |2 21 
100 0 |a Colombo, Carlos J  |e autor  |9 385309 
245 1 3 |a La transacción: un contrato civil con proyecciones procesales 
260 0 3 |a Buenos Aires, Argentina  |b Valerio Abeledo  |c 1944 
300 |a 176 páginas 
583 |a last modification  |c 19970509 00:00:00  |k Rodrigo Vera 
650 0 |a Contratos  |9 255153  |x Obligaciones  
650 0 |a Derecho civil  |9 255013  |x Responsabilidad civil 
650 0 |a Derecho privado  |9 258243 
650 7 |2 CL-VaPUC  |9 385310 
650 0 |a Derecho procesal civil  |9 258071  |x Acción civil 
650 0 |a Derecho comparado  |9 255664 
942 |c BK  |2 ddc 
945 |d 19970509 00:00:00  |a cmena 
952 |0 0  |1 0  |2 ddc  |4 0  |6 346_022000000000000_COL_1944  |7 0  |8 A  |9 283896  |a BIBDER  |b BIBDER  |d 2019-11-19  |i 1844636  |o 346.022 COL 1944  |p 1844636  |r 2023-01-25  |t 1  |w 2019-11-19  |y BK  |k DER